| 000 | 00665nam a2200205 a 4500 | ||
|---|---|---|---|
| 001 | 000015100 | ||
| 005 | 20240412074242.0 | ||
| 008 | 100201s2008 dr 000 p spa d | ||
| 040 |
_aDO-SdBNP _bspa _cBNPHU |
||
| 082 |
_aRD861.5 _bP349v |
||
| 100 | 1 |
_aPeña, Santo Edys, _d1951- _934187 |
|
| 245 | 1 | 3 |
_aEl vaivén de mis recuerdos / _cSanto Edys Peña. |
| 260 |
_aBaní : _bBanilejos, _c2008. |
||
| 300 |
_a139 p. ; _c17 cm. |
||
| 500 | _aIncluye datos biográficos del autor en la contracubierta. | ||
| 590 | _aInventariado, 2019 / DG | ||
| 650 | 0 |
_aPoesía dominicana _966 |
|
| 650 | 0 |
_aLiteratura dominicana. _967 |
|
| 910 | _aValidado. Control de calidad BNPHU | ||
| 999 |
_c14672 _d14672 |
||